00803nac a22002171u 4500008004100000010001600041020001500057082002000072245005200092250001200144260004500156300002300201500005800224500002700282504005100309650002900360700002300389942002300412999001700435952013300452090210t xxu||||| |||| 00| 0 eng d a 00051660 a8174732241 a302.35bKAI22010aOrganizational behaviour and HRM /cH.L. Kaila. a2nd ed. aDelhi :bA.I.T.B.S. Publishers,cc.2007. a290p:bill;c25cm. aBuchanan's name appears first on the earlier edition. aDistributer: Al-Ahram. aIncludes bibliographical references and index. 0aOrganizational behavior.1 aBuchanan, David A. cBBk302.35KAI2ddc c10786d10786 00102ddc40708AlahramaMAINbMAINc1STd2009-02-10epurchaseg84.00h06462l0o302.35 KAIp000014656r2025-07-15 00:00:00yBB